000 00426nam a2200181Ia 4500
001 16682
005 20260306170327.0
008 260306t2008||||xx |||||||||||||| ||und||
041 _aESP
082 _a349.1
_bP48
100 _aPetit, Eugene
_eAUT
245 0 _aTratado elemental de derecho romano
260 _c2008
300 _a717 páginas :
_c23 cm.
650 _aGEN
654 _aCDE
942 _cLIB
_dJUS
_fJUS
_2ddc
_n
999 _c16682
_d16682